| 000 | 01690nam a2200277 a 4500 | ||
|---|---|---|---|
| 001 | 000000140 | ||
| 003 | DO-SdBNP | ||
| 005 | 20250409145910.0 | ||
| 007 | ta | ||
| 008 | 081126s2008 dr a 001 0 spa d | ||
| 040 |
_aDO-SdBNP _bspa _cBNPHU |
||
| 082 | 4 |
_a398.097293 _bP438c, 2008 _222 |
|
| 100 | 1 |
_aPérez, Xiomarita _9458 |
|
| 245 | 1 | 0 |
_aConsultorio folklórico / _cXiomarita Pérez. |
| 250 | _a2a. ed. revisada, corregida y aumentada | ||
| 260 |
_aSanto Domingo : _bSecretaria de Estado de Cultura, _c2008. |
||
| 300 |
_a78 p. : _bil. ; _c23 cm. |
||
| 505 | 0 |
_tQuiénes somos -- _tDefinición de folklore -- _tDivisión del folklore y raíces de las danzas, música e instrumentos -- _tTipos de danzas y clasificación de instrumentos folklóricos musicales -- _tPalos o atabales -- _tCongos -- _tSarandunga -- _tGagá -- _tMerengue -- _tCarabiné y mangulina -- _tPri-prí -- _tInstrumentos individuales: balsié y pandero -- _tHistoria del carnaval -- _tPersonaje central del carnaval de cada provincia y/o municipio -- _tBonao -- _tCabral, Barahona -- _tConstanza -- _tCotuí -- _tElías Piña -- _tGuerra -- _tLa Romana -- _tLa Vega -- _tMao -- _tMontecristi -- _tNavarrete -- _tPuerto Plata -- _tSalcedo -- _tSan Juan de la Maguana -- _tSan Pedro de Macorís -- _tSantiago -- _tSanto Domingo -- _tYerbabuena, Hato Mayor -- _tFiestas patronales -- _tFolklorifiesta -- _tCentro de documentación. |
|
| 590 | _aInventariado, 2022/BT | ||
| 650 | 0 |
_aFolclore _zRepública Dominicana _933448 |
|
| 650 | 4 |
_aCarnaval _zRepública Dominicana _9460 |
|
| 650 | 4 |
_aInstrumentos musicales dominicanos _9461 |
|
| 710 | 2 |
_aDirección Nacional de Folklor _9462 |
|
| 910 | _aValidado. Control de calidad MFF | ||
| 942 |
_2ddc _cLBS1 |
||
| 999 |
_c140 _d140 |
||